000
00319nam a22001457a 4500
008
210427b ||||| |||| 00| 0 eng d
020
_a
9780030339295
041
_a
eng
080
_2
6th
_a
330.322
082
_a
330.322
100
_a
62
101
_a
INV
245
_a
Investments
_c
Frank K. Reilly
942
_2
udc
_c
BK
999
_c
56810
_d
56810